Fleuves et rivières de France par longueur -boîtes jaunes - Statistiques

Statistiques générales
  • Ce quiz a été pris 74 fois
  • Le résultat moyen est 12 sur 36
Statistiques - réponses
# km Fleuve ou rivière % Correct
. 1320 Rhin
95%
. 1012 Loire
92%
. 812 Rhône
85%
. 776 Seine
84%
. 647 Garonne
74%
Grand-Est 545 Moselle
62%
. 950 Meuse
54%
Bourgogne-Franche-Comté 473 Saône
51%
Bourgogne-Franche-Comté 453 Doubs
49%
Centre-Val-de-Loire 365 Cher
44%
Occitanie 485 Lot
44%
Nouvelle-Aquitaine 483 Dordogne
43%
Grand-Est 514 Marne
43%
Occitanie 380 Tarn
39%
PACA 323 Durance
38%
Auvergne-Rhône-Alpes 421 Allier
34%
Nouvelle-Aquitaine 381 Charente
30%
Hauts-de-France 341 Oise
26%
Hauts-de-France 356 Aisne
23%
Centre-Val-de-Loire 319 Loir
23%
Nouvelle-Aquitaine 372 Vienne
23%
Auvergne-Rhône-Alpes 286 Isère
21%
Pays-de-la-Loire 314 Sarthe
20%
Nouvelle-Aquitaine 308 Adour
16%
Centre-Val-de-Loire 280 Indre
15%
Bretagne 218 Vilaine
15%
Bourgogne-Franche-Comté 292 Yonne
15%
Grand-Est 249 Aube
10%
Occitanie 291 Aveyron
10%
Normandie 229 Eure
10%
Grand-Est 217 Ill
7%
Nouvelle-Aquitaine 263 Creuse
5%
Hauts-de-France 245 Somme
5%
Occitanie 224 Aude
3%
Grand-Est 246 Sarre
3%
Nouvelle-Aquitaine 255 Isle
2%
Aucun quiz correspondant
Distribution des résultats
% des personnes avec chaque résultat
Percentile par nombre de réponses
Votre historique - résultats
Vous n’avez pas pris ce quiz